[Event "AUS-ch"]
[Site "Parramatta"]
[Date "2008.01.03"]
[Round "2"]
[White "Yu, Ronald"]
[Black "Lane, Gary William"]
[Result "0-1"]
[WhiteElo "2192"]
[BlackElo "2412"]
[PlyCount "50"]
[EventDate "2008.01.02"]
[EventType "swiss"]
[EventRounds "11"]
[EventCountry "AUS"]
[SourceTitle "CBM 122 Extra"]
[Source "ChessBase"]
[SourceDate "2008.03.04"]
[SourceVersion "1"]
[SourceVersionDate "2008.03.04"]
[SourceQuality "1"]

1. f4 d5 2. Nf3 g6 3. e3 Bg7 4. Be2 Nf6 5. 0-0 0-0 6. d3 c5 7. Qe1 Nc6 8. Nbd2 Qc7 9. Qh4 e5 10. fxe5 Nxe5 11. Nxe5 Qxe5 12. Nf3 Qe7 13. Ng5 h6 14. Nh3 g5 15. Qg3 Nh7 16. Nf2 f5 17. Nd1 Be5 18. Qf2 Qd6 19. g3 g4 20. Qg2 Bd7 21. c3 d4 22. e4 Bc6 23. cxd4 Bxd4+ 24. Be3 Bxe3+ 25. Nxe3 Qd4 0-1

[Event "Sydney op"]
[Site "Parramatta"]
[Date "2007.04.14"]
[Round "8"]
[White "Yu, Ronald"]
[Black "Illingworth, Max"]
[Result "1-0"]
[WhiteElo "2177"]
[BlackElo "2006"]
[PlyCount "109"]
[EventDate "2007.04.10"]
[EventType "swiss"]
[EventRounds "9"]
[EventCountry "AUS"]
[SourceTitle "CBM 117 Extra"]
[Source "ChessBase"]
[SourceDate "2007.05.09"]
[SourceVersion "1"]
[SourceVersionDate "2007.05.09"]
[SourceQuality "1"]

1. f4 g6 2. Nf3 Bg7 3. e3 c5 4. Be2 Nf6 5. 0-0 0-0 6. Qe1 Nc6 7. d3 d6 8. Nbd2 e5 9. fxe5 Ng4 10. Nb3 Ngxe5 11. Nxe5 Nxe5 12. d4 cxd4 13. exd4 Nc6 14. c3 a5 15. Bf4 a4 16. Nd2 d5 17. Bd3 Qb6 18. Rb1 Bd7 19. Nf3 f6 20. Qg3 Qd8 21. h4 Ne7 22. Bc7 Qc8 23. Bd6 Re8 24. Bxe7 Rxe7 25. h5 Bf5 26. Bxf5 Qxf5 27. hxg6 hxg6 28. Ne5 Qg5 29. Qxg5 fxg5 30. Ng4 Ra6 31. Rbe1 Rxe1 32. Rxe1 Rb6 33. Re2 Kf7 34. Kf2 a3 35. b3 Rc6 36. Re3 b5 37. b4 Rc8 38. Ke2 Rh8 39. Kd3 Rh1 40. Kc2 Rg1 41. Re2 Ra1 42. Kb3 Rc1 43. Re3 Rg1 44. g3 Bf8 45. Ne5+ Kg7 46. Kxa3 Bd6 47. Kb3 Kf6 48. a4 bxa4+ 49. Kxa4 Kf5 50. Kb5 g4 51. Kc6 Bxe5 52. Rxe5+ Kf6 53. Re3 Rf1 54. Kxd5 Rf3 55. Ke4 1-0

[Event "Sydney op"]
[Site "Parramatta"]
[Date "2007.04.12"]
[Round "5"]
[White "Yu, Ronald"]
[Black "Bjelobrk, Igor"]
[Result "0-1"]
[WhiteElo "2177"]
[BlackElo "2386"]
[PlyCount "50"]
[EventDate "2007.04.10"]
[EventType "swiss"]
[EventRounds "9"]
[EventCountry "AUS"]
[SourceTitle "CBM 117 Extra"]
[Source "ChessBase"]
[SourceDate "2007.05.09"]
[SourceVersion "1"]
[SourceVersionDate "2007.05.09"]
[SourceQuality "1"]

1. f4 g6 2. Nf3 Bg7 3. e3 d5 4. Be2 c5 5. 0-0 Nh6 6. Bb5+ Nd7 7. d3 0-0 8. Bxd7 Bxd7 9. Nbd2 Bb5 10. Qe2 Nf5 11. Kh1 Rc8 12. Re1 Ba6 13. Rb1 Nd6 14. Qf2 c4 15. dxc4 Bxc4 16. Nxc4 Rxc4 17. Re2 Qa5 18. a3 Ne4 19. Qe1 Qb5 20. b3 Rfc8 21. bxc4 Qxb1 22. Nd2 Qxc2 23. Nxe4 Qxc4 24. Bb2 dxe4 25. Bxg7 Qxe2 0-1

[Event "Doeberl Cup 44th"]
[Site "Canberra"]
[Date "2006.04.16"]
[Round "5"]
[White "Ikeda, Junta"]
[Black "Yu, Ronald"]
[Result "1-0"]
[WhiteElo "2089"]
[BlackElo "2070"]
[PlyCount "57"]
[EventDate "2006.04.14"]
[EventType "swiss"]
[EventRounds "7"]
[EventCountry "AUS"]
[SourceTitle "CBM 111 Extra"]
[Source "ChessBase"]
[SourceDate "2006.05.09"]
[SourceVersion "1"]
[SourceVersionDate "2006.05.09"]
[SourceQuality "1"]

1. e4 c6 2. d4 d5 3. Nc3 dxe4 4. Nxe4 Nd7 5. Bc4 Ngf6 6. Nxf6+ Nxf6 7. c3 Qb6 8. Nf3 Bf5 9. 0-0 e6 10. Qe2 Qc7 11. Ne5 Bd6 12. f4 h5 13. Bd2 0-0-0 14. b4 Kb8 15. a4 Nd5 16. Bd3 Bxd3 17. Nxd3 g5 18. fxg5 Bxh2+ 19. Kh1 Rdf8 20. Qf3 Bg3 21. Nc5 Bd6 22. Ne4 Qd8 23. c4 Nc7 24. b5 Be7 25. bxc6 bxc6 26. Rab1+ Kc8 27. Bf4 Qxd4 28. Rfd1 Qxc4 29. Bxc7 1-0

[Event "Doeberl Cup 44th"]
[Site "Canberra"]
[Date "2006.04.14"]
[Round "1"]
[White "Oliver, Shannon"]
[Black "Yu, Ronald"]
[Result "1/2-1/2"]
[WhiteElo "1726"]
[BlackElo "2070"]
[PlyCount "54"]
[EventDate "2006.04.14"]
[EventType "swiss"]
[EventRounds "7"]
[EventCountry "AUS"]
[SourceTitle "CBM 111 Extra"]
[Source "ChessBase"]
[SourceDate "2006.05.09"]
[SourceVersion "1"]
[SourceVersionDate "2006.05.09"]
[SourceQuality "1"]

1. e4 c6 2. d4 d5 3. Nc3 dxe4 4. Nxe4 Nd7 5. Nf3 Ngf6 6. Ng3 e6 7. c3 Bd6 8. Bd3 0-0 9. Bd2 c5 10. Qe2 Re8 11. 0-0-0 Qc7 12. Ne4 Nxe4 13. Qxe4 Nf8 14. dxc5 Bxc5 15. Qh4 f5 16. Be3 Bxe3+ 17. fxe3 a6 18. e4 b5 19. exf5 exf5 20. Rhe1 Bd7 21. Bc2 Be6 22. Ng5 Bxa2 23. Bxf5 g6 24. Bc2 Rad8 25. Rxd8 Rxe1+ 26. Qxe1 Qxd8 27. Qd2 Qxd2+ 1/2-1/2

[Event "Doeberl Cup 43rd"]
[Site "Canberra"]
[Date "2005.03.25"]
[Round "2"]
[White "Zivanovic, Andjelija"]
[Black "Yu, Ronald"]
[Result "0-1"]
[WhiteElo "1758"]
[BlackElo "2088"]
[PlyCount "76"]
[EventDate "2005.03.25"]
[EventType "swiss"]
[EventRounds "7"]
[EventCountry "AUS"]
[SourceTitle "CBM 105 Extra"]
[Source "ChessBase"]
[SourceDate "2005.05.01"]
[SourceVersion "1"]
[SourceVersionDate "2005.05.01"]
[SourceQuality "1"]

1. Nf3 d5 2. d3 Nf6 3. Nbd2 Bf5 4. b3 Nbd7 5. Bb2 c5 6. g3 e6 7. Bg2 Be7 8. 0-0 0-0 9. Re1 Bg6 10. e4 d4 11. e5 Nd5 12. Ne4 b5 13. c4 dxc3 14. Nxc3 Nxc3 15. Bxc3 Rc8 16. Rc1 Nb6 17. Bb2 Bxd3 18. Qd2 Bg6 19. Qa5 Qd7 20. Red1 Nd5 21. Bf1 Rb8 22. h3 Rfc8 23. Nd2 c4 24. Bd4 c3 25. Bxc3 Rxc3 26. Rxc3 Bb4 27. Rc7 Qxc7 28. Qxc7 Nxc7 29. Nf3 Be4 30. Ng5 Bd5 31. Be2 Bc3 32. Rc1 b4 33. Bd3 h6 34. Ne4 Bxe4 35. Bxe4 Rd8 36. a3 a5 37. axb4 axb4 38. f4 Nb5 0-1

[Event "AUS-ch op U18"]
[Site "Mount Buller"]
[Date "2005.01.20"]
[Round "10"]
[White "Yu, Ronald"]
[Black "Ly, Moulthun"]
[Result "0-1"]
[WhiteElo "2092"]
[BlackElo "1881"]
[PlyCount "62"]
[EventDate "2005.01.11"]
[EventType "swiss"]
[EventRounds "11"]
[EventCountry "AUS"]
[SourceTitle "EXT 2009"]
[Source "ChessBase"]
[SourceDate "2008.11.26"]
[SourceVersion "1"]
[SourceVersionDate "2008.11.26"]
[SourceQuality "1"]

1. e4 e6 2. d4 d5 3. Nc3 Nf6 4. Bg5 Bb4 5. e5 h6 6. Bd2 Bxc3 7. bxc3 Ne4 8. Qg4 Kf8 9. Bd3 Nxd2 10. Kxd2 c5 11. h4 Nc6 12. Rh3 c4 13. Be2 b5 14. Qf4 Qe7 15. g4 b4 16. g5 bxc3+ 17. Ke3 Ke8 18. Nf3 hxg5 19. Nxg5 f6 20. Nf3 Rf8 21. Qg3 fxe5 22. Nxe5 Nxe5 23. Qxe5 Rf5 24. Qg3 e5 25. Qg6+ Kd8 26. Rf3 exd4+ 27. Kxd4 Qe5+ 28. Kc5 d4+ 29. Kxc4 Qb5+ 30. Kxd4 Qc5+ 31. Ke4 Bb7+ 0-1

[Event "AUS-ch op U18"]
[Site "Mount Buller"]
[Date "2005.01.17"]
[Round "8"]
[White "Yu, Ronald"]
[Black "Ikeda, Junta"]
[Result "1/2-1/2"]
[WhiteElo "2092"]
[BlackElo "1916"]
[PlyCount "111"]
[EventDate "2005.01.11"]
[EventType "swiss"]
[EventRounds "11"]
[EventCountry "AUS"]
[SourceTitle "EXT 2009"]
[Source "ChessBase"]
[SourceDate "2008.11.26"]
[SourceVersion "1"]
[SourceVersionDate "2008.11.26"]
[SourceQuality "1"]

1. d4 d5 2. Nf3 e6 3. c4 c6 4. g3 f5 5. Bg2 Nf6 6. 0-0 Bd6 7. b3 0-0 8. Ba3 Bxa3 9. Nxa3 Ne4 10. Qd3 Bd7 11. b4 Qe7 12. Nc2 Be8 13. a4 Nd7 14. Rfb1 Nb6 15. c5 Nc4 16. Na3 Nxa3 17. Rxa3 f4 18. Rf1 Bg6 19. Ne5 Qg5 20. Nxg6 Qxg6 21. f3 Ng5 22. Qxg6 hxg6 23. gxf4 Rxf4 24. e3 Rf6 25. b5 Raf8 26. f4 Ne4 27. Bxe4 dxe4 28. h4 Rf5 29. Kg2 Rh5 30. Rh1 Rc8 31. bxc6 Rxc6 32. Rb3 b6 33. cxb6 axb6 34. Rhb1 Rxh4 35. Kg3 Rh5 36. Rxb6 Rxb6 37. Rxb6 Kf7 38. Rb5 Rh1 39. d5 Ra1 40. dxe6+ Kxe6 41. Re5+ Kf6 42. Rxe4 Ra2 43. Rb4 Ra3 44. Kf3 g5 45. Kg4 gxf4 46. exf4 g6 47. Rc4 Kf7 48. Rc7+ Kf6 49. Rc6+ Kf7 50. Rc4 Kf6 51. Re4 Ra2 52. Kf3 g5 53. fxg5+ Kxg5 54. Ke3 Kf5 55. Rb4 Ke5 56. Kd3 1/2-1/2

[Event "AUS-ch op U18"]
[Site "Mount Buller"]
[Date "2005.01.15"]
[Round "5"]
[White "Suttor, Vincent"]
[Black "Yu, Ronald"]
[Result "1-0"]
[WhiteElo "1904"]
[BlackElo "2092"]
[PlyCount "95"]
[EventDate "2005.01.11"]
[EventType "swiss"]
[EventRounds "11"]
[EventCountry "AUS"]
[SourceTitle "EXT 2009"]
[Source "ChessBase"]
[SourceDate "2008.11.26"]
[SourceVersion "1"]
[SourceVersionDate "2008.11.26"]
[SourceQuality "1"]

1. d4 g6 2. e4 c6 3. Bd3 Bg7 4. Nf3 d5 5. exd5 cxd5 6. 0-0 Nf6 7. Re1 0-0 8. c3 Nc6 9. Qc2 Bg4 10. Nbd2 Rc8 11. Qb3 Qc7 12. h3 Bf5 13. Bxf5 gxf5 14. Ne5 Nxe5 15. dxe5 Ne4 16. Nf3 e6 17. Bf4 f6 18. Nd4 Nc5 19. Qd1 fxe5 20. b4 Ne4 21. Nxe6 Qd6 22. Nxf8 exf4 23. Nxh7 Kxh7 24. Qh5+ Kg8 25. Rad1 Rf8 26. c4 d4 27. c5 Qd5 28. f3 Ng3 29. Qg5 d3 30. Kh2 d2 31. Re7 Qd4 32. Qg6 Qf6 33. Qxf6 Bxf6 34. Rxb7 Bc3 35. c6 Rc8 36. b5 Ne2 37. Rxa7 Nd4 38. a4 Kf8 39. h4 Ke8 40. Kh3 Kd8 41. Rd7+ Ke8 42. h5 Ra8 43. h6 Rxa4 44. h7 Nxb5 45. R1xd2 Ra6 46. Re2+ Kf8 47. Re6 Ra1 48. Kh2 1-0

[Event "Internet Section 06B g/8'+2\""]
[Site "Dos Hermanas"]
[Date "2004.03.06"]
[Round "3"]
[White "Yu, Ronald"]
[Black "Blanco Gramajo, Cesar Augusto"]
[Result "0-1"]
[WhiteElo "2265"]
[BlackElo "2105"]
[PlyCount "68"]
[EventDate "2004.03.06"]
[EventType "swiss (blitz)"]
[EventRounds "9"]
[EventCountry "ESP"]
[SourceTitle "CBM 099 Extra"]
[Source "ChessBase"]
[SourceDate "2004.05.04"]
[SourceVersion "1"]
[SourceVersionDate "2004.05.04"]
[SourceQuality "1"]

1. d4 Nf6 2. Nf3 g6 3. Bg5 Bg7 4. Nbd2 0-0 5. e4 d6 6. Bd3 e5 7. dxe5 dxe5 8. Nxe5 Re8 9. Nec4 h6 10. Bh4 g5 11. Bg3 Nbd7 12. 0-0 Nc5 13. e5 Ng4 14. Nf3 Be6 15. Re1 h5 16. h3 h4 17. Bh2 Nxh2 18. Kxh2 Qe7 19. Qe2 Rad8 20. Rad1 g4 21. hxg4 Bxg4 22. Qe3 Nxd3 23. cxd3 Qe6 24. Ng5 Qg6 25. Rd2 Bh6 26. f4 f6 27. Nh3 b5 28. Na3 fxe5 29. Kh1 exf4 30. Qf2 f3 31. Rxe8+ Rxe8 32. Rc2 fxg2+ 33. Qxg2 Re1+ 34. Ng1 Bf3 0-1

[Event "AUS-ch"]
[Site "Adelaide"]
[Date "2004.01.09"]
[Round "10"]
[White "Yu, Ronald"]
[Black "Jones, Brian"]
[Result "1-0"]
[WhiteElo "2265"]
[BlackElo "2176"]
[PlyCount "87"]
[EventDate "2003.12.06"]
[EventType "swiss"]
[EventRounds "11"]
[EventCountry "AUS"]
[SourceTitle "EXT 2005"]
[Source "ChessBase"]
[SourceDate "2004.11.15"]
[SourceVersion "1"]
[SourceVersionDate "2004.11.15"]
[SourceQuality "1"]

1. d4 g6 2. Nf3 Nf6 3. g3 Bg7 4. Bg2 c5 5. c3 cxd4 6. cxd4 0-0 7. 0-0 d6 8. Nc3 Nc6 9. e4 Bg4 10. h3 Bxf3 11. Bxf3 Nd7 12. d5 Nce5 13. Be2 Rc8 14. Rb1 a6 15. Na4 b5 16. Nc3 Nb6 17. f4 Nec4 18. Qd3 Na3 19. Ra1 b4 20. Nd1 Nc2 21. Rb1 Nd4 22. Ne3 Nxe2+ 23. Qxe2 Bd4 24. Kg2 Na4 25. Qd1 Qb6 26. Ng4 f5 27. exf5 gxf5 28. Nh2 Qc5 29. Qxa4 Qxd5+ 30. Nf3 Qe4 31. Bd2 Rc2 32. Rbd1 Qe2+ 33. Kh1 Rxd2 34. Nxd2 Qh5 35. Nf3 Qxh3+ 36. Nh2 Bc5 37. g4 fxg4 38. Qb3+ Qxb3 39. axb3 h5 40. Rd5 Kf7 41. Rxh5 g3 42. Rf5+ Kg7 43. Rxf8 Kxf8 44. Ng4 1-0

[Event "AUS-ch"]
[Site "Adelaide"]
[Date "2004.01.08"]
[Round "9"]
[White "Johansen, Darryl Keith"]
[Black "Yu, Ronald"]
[Result "1-0"]
[WhiteElo "2499"]
[BlackElo "2265"]
[PlyCount "89"]
[EventDate "2003.12.06"]
[EventType "swiss"]
[EventRounds "11"]
[EventCountry "AUS"]
[SourceTitle "EXT 2005"]
[Source "ChessBase"]
[SourceDate "2004.11.15"]
[SourceVersion "1"]
[SourceVersionDate "2004.11.15"]
[SourceQuality "1"]

1. c4 e6 2. Nf3 f5 3. g3 Nf6 4. Bg2 Be7 5. 0-0 0-0 6. d4 d5 7. b3 c6 8. Ba3 b6 9. Qc1 Ne4 10. Nbd2 Bb7 11. Bxe7 Qxe7 12. Qb2 Nd7 13. b4 a5 14. a3 Ra7 15. Rfc1 Rfa8 16. b5 c5 17. Rc2 Rc8 18. Rac1 Ba8 19. cxd5 Bxd5 20. dxc5 Ndxc5 21. Ne5 Rac7 22. Nxe4 Nxe4 23. Nc6 Qe8 24. Qe5 Kh8 25. g4 Nc5 26. Bxd5 exd5 27. Qxe8+ Rxe8 28. gxf5 Kg8 29. Rd1 Rd7 30. Rcd2 Kf7 31. e3 Re4 32. Rxd5 Rxd5 33. Rxd5 Ra4 34. Rxc5 bxc5 35. b6 Rxa3 36. b7 Rb3 37. b8Q Rxb8 38. Nxb8 a4 39. Na6 c4 40. Nb4 Kf6 41. Nc2 Kxf5 42. f3 g5 43. h3 h5 44. Kf2 h4 45. Na3 1-0

[Event "AUS-ch"]
[Site "Adelaide"]
[Date "2004.01.07"]
[Round "8"]
[White "Yu, Ronald"]
[Black "Tao, Trevor"]
[Result "0-1"]
[WhiteElo "2265"]
[BlackElo "2390"]
[PlyCount "60"]
[EventDate "2003.12.06"]
[EventType "swiss"]
[EventRounds "11"]
[EventCountry "AUS"]
[SourceTitle "EXT 2005"]
[Source "ChessBase"]
[SourceDate "2004.11.15"]
[SourceVersion "1"]
[SourceVersionDate "2004.11.15"]
[SourceQuality "1"]

1. Nf3 e6 2. b3 Nf6 3. Bb2 Be7 4. e3 0-0 5. Be2 c5 6. 0-0 b6 7. c4 Bb7 8. d4 d6 9. Nbd2 Nc6 10. a3 Rc8 11. Rc1 d5 12. cxd5 exd5 13. Bd3 Bd6 14. Ne5 Qe7 15. Ndf3 Ne4 16. Nxc6 Rxc6 17. a4 Bb8 18. g3 Rh6 19. Re1 Bc8 20. dxc5 bxc5 21. Bf1 Rd8 22. Bg2 Bh3 23. Bxh3 Rxh3 24. Nd2 Nxf2 25. Kxf2 Rxh2+ 26. Kg1 Qg5 27. Nf1 Rxb2 28. Re2 Rxe2 29. Qxe2 d4 30. Rd1 Bxg3 0-1

[Event "AUS-ch"]
[Site "Adelaide"]
[Date "2003.12.31"]
[Round "3"]
[White "Smerdon, David"]
[Black "Yu, Ronald"]
[Result "0-1"]
[WhiteElo "2427"]
[BlackElo "2265"]
[PlyCount "104"]
[EventDate "2003.12.06"]
[EventType "swiss"]
[EventRounds "11"]
[EventCountry "AUS"]
[SourceTitle "EXT 2005"]
[Source "ChessBase"]
[SourceDate "2004.11.15"]
[SourceVersion "1"]
[SourceVersionDate "2004.11.15"]
[SourceQuality "1"]

1. e4 c6 2. c4 d5 3. exd5 cxd5 4. cxd5 Nf6 5. Nc3 Nxd5 6. Nf3 Nc6 7. Bc4 e6 8. d4 Be7 9. 0-0 0-0 10. Re1 a6 11. Ne4 Nf6 12. h4 Nxe4 13. Rxe4 b5 14. Bb3 Nb4 15. Ne5 Bb7 16. Rg4 Kh8 17. h5 Qe8 18. Bg5 Nc6 19. h6 g6 20. Nxc6 Bxc6 21. Rc1 Bd5 22. Bxd5 exd5 23. Qf3 f5 24. Qxd5 fxg4 25. Qe5+ Bf6 26. Bxf6+ Kg8 27. Rc7 Rf7 28. Qd5 Qe1+ 29. Kh2 Raf8 30. Rxf7 Rxf7 31. Qa8+ Rf8 32. Qd5+ Rf7 33. Bg7 Qe8 34. b3 Qc8 35. a4 bxa4 36. bxa4 Qc7+ 37. g3 Qc8 38. a5 Qe8 39. Kg2 Qc8 40. Qe4 Qb7 41. d5 Re7 42. Qxg4 Qxd5+ 43. Kh2 Qh5+ 44. Qxh5 gxh5 45. Kg2 Rc7 46. Bd4 Kf7 47. Kf1 h4 48. gxh4 Rc4 49. Be3 Rxh4 50. Ke2 Ke6 51. Bd2 Kd5 52. Ke3 Rxh6 0-1

[Event "AUS-ch"]
[Site "Adelaide"]
[Date "2003.12.30"]
[Round "2"]
[White "Yu, Ronald"]
[Black "Haasse, Adam"]
[Result "1-0"]
[WhiteElo "2265"]
[BlackElo "2179"]
[PlyCount "71"]
[EventDate "2003.12.06"]
[EventType "swiss"]
[EventRounds "11"]
[EventCountry "AUS"]
[SourceTitle "EXT 2005"]
[Source "ChessBase"]
[SourceDate "2004.11.15"]
[SourceVersion "1"]
[SourceVersionDate "2004.11.15"]
[SourceQuality "1"]

1. Nf3 Nf6 2. b3 g6 3. Bb2 Bg7 4. e3 d6 5. d4 0-0 6. Be2 e5 7. dxe5 Ng4 8. 0-0 Nxe5 9. Nxe5 dxe5 10. c4 Be6 11. Qc2 c6 12. Nc3 Qc7 13. Rad1 Na6 14. Rd2 Rfd8 15. Rfd1 Rxd2 16. Qxd2 Bf8 17. Ne4 Be7 18. Qc3 f6 19. f4 Bf5 20. fxe5 fxe5 21. Ng3 Bb4 22. Qxe5 Qxe5 23. Bxe5 Re8 24. Bf4 Bc5 25. Nxf5 gxf5 26. Kf2 Nb4 27. Bh5 Re6 28. Rd7 Re7 29. Rd2 Kg7 30. Bg5 Rc7 31. a3 Na6 32. b4 Be7 33. Bf4 Rc8 34. Rd7 Kf6 35. Rxb7 Ra8 36. Bf3 1-0

[Event "AUS-ch"]
[Site "Adelaide"]
[Date "2003.12.29"]
[Round "1"]
[White "Rogers, Ian"]
[Black "Yu, Ronald"]
[Result "1-0"]
[WhiteElo "2574"]
[BlackElo "2265"]
[PlyCount "103"]
[EventDate "2003.12.06"]
[EventType "swiss"]
[EventRounds "11"]
[EventCountry "AUS"]
[SourceTitle "EXT 2005"]
[Source "ChessBase"]
[SourceDate "2004.11.15"]
[SourceVersion "1"]
[SourceVersionDate "2004.11.15"]
[SourceQuality "1"]

1. e4 c6 2. Nf3 d5 3. Nc3 Bg4 4. h3 Bxf3 5. Qxf3 e6 6. g3 Nf6 7. Bg2 Nbd7 8. 0-0 Ne5 9. Qd1 d4 10. Ne2 d3 11. Nf4 dxc2 12. Qxc2 g5 13. d4 Qxd4 14. Ne2 Qd3 15. Qxd3 Nxd3 16. Bxg5 Bg7 17. b3 Nc5 18. f3 e5 19. h4 Ne6 20. Bh3 Nxg5 21. hxg5 Nd7 22. Bxd7+ Kxd7 23. Rad1+ Kc7 24. f4 Rhf8 25. Kg2 exf4 26. gxf4 h6 27. gxh6 Bxh6 28. Kf3 Rfd8 29. e5 Bg7 30. Ng3 Re8 31. Rh1 Bxe5 32. fxe5 Rxe5 33. Rh7 Rf8 34. Kf4 Re7 35. Ne4 a5 36. Rd3 Rfe8 37. Ng5 Kb6 38. Nf3 Re4+ 39. Kf5 Re3 40. Rxe3 Rxe3 41. Ne5 Re2 42. a3 Kc5 43. Rxf7 b5 44. Ke6 Re3 45. Rf3 Rxf3 46. Nxf3 a4 47. b4+ Kc4 48. Kd6 c5 49. bxc5 b4 50. c6 bxa3 51. c7 a2 52. c8Q+ 1-0